[Event "St. Andrew's Masters 2019"]
[Site "Dublin IRL"]
[Date "2019.09.22"]
[Round "4.8"]
[White "Zelenchuk, Daniil"]
[Black "Venkatesan, Kavin"]
[Result "1-0"]
[WhiteElo "2031"]
[BlackElo "1803"]
[WhiteICU "2104"]
[BlackICU "1750"]
[WhiteClub "Strand C.C."]
[BlackClub "St. Benildus"]
[WhiteNationality "IRL"]
[BlackNationality "IRL"]
[WhiteFideId "2511959"]
[BlackFideId "2512602"]
[PlyCount "97"]
[EventDate "2019.09.20"]
[Source "Live boards"]

{ Event information: <a
href="http://www.irlchess.com/standrews2019_allfiles/pairings_standrews2019.html">Tournament
report</a>. }

1. c4 e5 2. Nc3 Nc6 3. g3 Nf6 4. Bg2 Be7 5. a3 a5 6. e3 O-O 7. Nge2 d6 8.
O-O Bf5 9. d3 Re8 10. Nd5 Nxd5 11. Bxd5 Bf6 12. Nc3 Qc8 13. Rb1 Ne7 14. Bh1
c6 15. b4 axb4 16. axb4 Qd7 17. Re1 Nc8 18. b5 Bd8 19. Rb3 Ba5 20. Re2 Bxc3
21. Rxc3 cxb5 22. cxb5 Bg4 23. f3 Be6 24. d4 e4 25. Rec2 Qxb5 26. Rb2 Qh5
27. Rxb7 Bd5 28. Rb5 Na7 29. Ra5 Bb3 30. Rxh5 Bxd1 31. Ra5 h6 32. Rc7 exf3
33. g4 g6 34. Raxa7 Rxa7 35. Rxa7 Rc8 36. Bd2 Rc2 37. Be1 f2+ 38. Bxf2 Bxg4
39. Be4 Rd2 40. Kg2 Be6 41. Ra5 Bh3+ 42. Kg3 h5 43. Bd5 h4+ 44. Kxh3 Rxf2
45. Ra7 g5 46. Kg4 Rxh2 47. Rxf7 Kh8 48. Kxg5 h3 49. Kh6 1-0

[Event "St. Andrew's Masters 2019"]
[Site "Dublin IRL"]
[Date "2019.09.22"]
[Round "5.1"]
[White "Kanyamarala, Tarun"]
[Black "Brady, Stephen"]
[Result "1/2-1/2"]
[BlackTitle "FM"]
[WhiteElo "2229"]
[BlackElo "2304"]
[WhiteICU "2160"]
[BlackICU "2281"]
[WhiteClub "Balbriggan"]
[BlackClub "St. Benildus"]
[WhiteNationality "IRL"]
[BlackNationality "IRL"]
[WhiteFideId "45004714"]
[BlackFideId "2500124"]
[PlyCount "27"]
[EventDate "2019.09.20"]
[Source "Live boards"]

{ Event information: <a
href="http://www.irlchess.com/standrews2019_allfiles/pairings_standrews2019.html">Tournament
report</a>. }

1. d4 d5 2. c4 dxc4 3. e4 Nf6 4. e5 Nd5 5. Bxc4 Nb6 6. Bd3 Nc6 7. Ne2 Bg4
8. f3 Be6 9. Nbc3 Qd7 10. Ne4 Nb4 11. Bb1 Bc4 12. Nc5 Bxe2 13. Kxe2 Qb5+
14. Bd3 1/2-1/2

[Event "St. Andrew's Masters 2019"]
[Site "Dublin IRL"]
[Date "2019.09.22"]
[Round "5.2"]
[White "Daly, Colm"]
[Black "O'Donnell, Conor"]
[Result "0-1"]
[WhiteTitle "FM"]
[BlackTitle "FM"]
[WhiteElo "2234"]
[BlackElo "2321"]
[WhiteICU "2212"]
[BlackICU "2308"]
[WhiteClub "Bray"]
[BlackClub "Gonzaga"]
[WhiteNationality "IRL"]
[BlackNationality "IRL"]
[WhiteFideId "2500434"]
[BlackFideId "2504243"]
[PlyCount "148"]
[EventDate "2019.09.20"]
[Source "Live boards"]

{ Event information: <a
href="http://www.irlchess.com/standrews2019_allfiles/pairings_standrews2019.html">Tournament
report</a>. }

1. Nf3 c5 2. e3 g6 3. c4 Bg7 4. Nc3 Nf6 5. b3 d5 6. Bb2 d4 7. exd4 cxd4 8.
Nb5 Bg4 9. Nbxd4 e5 10. Ne2 Bxf3 11. gxf3 Nc6 12. Bg2 Qd6 13. Bc3 O-O 14.
O-O Rad8 15. a3 Nh5 16. b4 Qd3 17. c5 Rfe8 18. Re1 Bh6 19. Ng3 Nf4 20. Qb1
Qxb1 21. Raxb1 f5 22. Bf1 Nd3 23. Red1 Nd4 24. Bxd4 Rxd4 25. Rb3 Red8 26.
Ne2 R4d7 27. Nc3 a6 28. Na4 Rd4 29. Nb6 e4 30. fxe4 fxe4 31. Bg2 Rf8 32.
Rf1 Ne5 33. Re1 Nf3+ 34. Bxf3 exf3 35. h3 Rxd2 36. Nc4 Re2 37. Rd1 Re7 38.
Rbd3 Re4 39. Rd4 Rfe8 40. Rxe4 Rxe4 41. Nd6 Re7 42. Rd4 Re1+ 43. Kh2 Bg7
44. Re4 Rxe4 45. Nxe4 Be5+ 46. Kg1 Bf4 47. Kf1 Kf7 48. Ke1 Ke6 49. Kd1 Kd5
50. Nf6+ Ke6 51. Nxh7 g5 52. Kc2 $4 (52. Nf8+ $14) 52... Kf7 $19 53. Kd3
Kg7 54. Nxg5 Bxg5 55. a4 Be7 56. Ke4 Kf6 57. h4 a5 58. c6 bxc6 59. bxa5 Bd8
60. a6 Bb6 61. Kxf3 Kf5 62. a5 Ba7 63. h5 Kg5 64. Ke4 Kxh5 65. Ke5 Kg6 66.
Kd6 c5 67. Kd5 Kf5 68. Kc4 Ke4 69. Kb5 Kd5 70. f4 c4 71. Kb4 Kd4 72. f5
Bc5+ 73. Ka4 c3 74. Kb3 Kd3 0-1

[Event "St. Andrew's Masters 2019"]
[Site "Dublin IRL"]
[Date "2019.09.22"]
[Round "5.3"]
[White "O'Gorman, Tom"]
[Black "Healy, John"]
[Result "1-0"]
[WhiteTitle "FM"]
[WhiteElo "2208"]
[BlackElo "1907"]
[WhiteICU "2204"]
[BlackICU "1841"]
[WhiteClub "Dun Laoghaire"]
[BlackClub "St. Benildus"]
[WhiteNationality "IRL"]
[BlackNationality "IRL"]
[WhiteFideId "2508249"]
[BlackFideId "2500965"]
[PlyCount "31"]
[EventDate "2019.09.20"]
[Source "Live boards"]

{ Event information: <a
href="http://www.irlchess.com/standrews2019_allfiles/pairings_standrews2019.html">Tournament
report</a>. }

1. e4 c5 2. Nf3 e6 3. d4 cxd4 4. Nxd4 Nf6 5. Nc3 d6 6. Bd3 Be7 7. O-O O-O
8. f4 a6 9. a4 Nbd7 10. Nb3 Re8 11. a5 Nf8 12. Be3 e5 13. f5 d5 14. Nxd5
Nxd5 15. exd5 Qxd5 16. f6 1-0

[Event "St. Andrew's Masters 2019"]
[Site "Dublin IRL"]
[Date "2019.09.22"]
[Round "5.4"]
[White "Kanyamarala, Trisha"]
[Black "Scallan, Fiachra"]
[Result "1-0"]
[WhiteElo "2138"]
[BlackElo "1818"]
[WhiteICU "2123"]
[BlackICU "1850"]
[WhiteClub "Balbriggan"]
[BlackClub "Rathmines Juniors"]
[WhiteNationality "IRL"]
[BlackNationality "IRL"]
[WhiteFideId "45004722"]
[BlackFideId "2507528"]
[PlyCount "175"]
[EventDate "2019.09.20"]
[Source "Live boards"]

{ Event information: <a
href="http://www.irlchess.com/standrews2019_allfiles/pairings_standrews2019.html">Tournament
report</a>. }

1. d4 d5 2. c4 e6 3. Nf3 Nf6 4. Nc3 a6 5. cxd5 exd5 6. Bg5 Be6 7. e3 Bd6 8.
Bd3 Nbd7 9. Qc2 h6 10. Bh4 c6 11. a3 Qc7 12. Bg3 O-O 13. O-O Rac8 14. Rac1
Bxg3 15. hxg3 Qd6 16. Qd2 c5 17. dxc5 Nxc5 18. Bc2 Rfd8 19. Qd4 Qb6 20. Ne2
Ncd7 21. Nf4 g5 22. Ne2 Qb5 23. Rfe1 Qa5 24. Nc3 Rc4 25. Qd1 Qc7 26. Nd2
Rc6 27. Nb3 Nb6 28. Nd4 Rc5 29. Nb3 Rc6 30. Qd4 Qe7 31. Na5 Rcd6 32. Nxb7
Qxb7 33. Qxf6 Bc8 34. Qd4 Nc4 35. Rb1 Qb6 36. Qd3 f5 37. Na4 Qc6 38. Bb3
Be6 39. Rec1 Qb5 40. g4 Nxa3 41. Qxb5 Nxb5 42. Nc5 Re8 43. Nxe6 Rexe6 44.
gxf5 Re5 45. g4 Re4 46. Rc5 Rxg4+ 47. Kh2 Kg7 48. Bxd5 Kf6 49. Bf3 Rb4 50.
Kg3 Rd2 51. Rh1 Rh4 52. Ra1 Nd6 53. Rxa6 Rb4 54. Bd5 Ke7 55. f6+ Kd7 56.
Ra7+ Kd8 57. Ra8+ Kd7 58. Ra7+ Kd8 59. Bf3 g4 60. f7 Nxf7 61. Rxf7 gxf3 62.
Ra5 Rb8 63. Raa7 Kc8 64. b4 Rd6 65. b5 Rg6+ 66. Kxf3 Rg8 67. Rf5 Rh8 68.
Rh5 Rb6 69. Ra8+ Rb8 70. Rxb8+ Kxb8 71. Ke4 Kb7 72. f4 Kb6 73. Kf3 Ka5 74.
e4 Kb6 75. Kg4 Ka5 76. Kf5 Kxb5 77. Kg6+ Kc4 78. Rxh6 Rf8 79. f5 Kd4 80.
Kg7 Ra8 81. Re6 Ra7+ 82. Kg6 Ra1 83. f6 Rg1+ 84. Kf7 Ra1 85. Kf8 Ra8+ 86.
Kg7 Ra1 87. f7 Rg1+ 88. Rg6 1-0

[Event "St. Andrew's Masters 2019"]
[Site "Dublin IRL"]
[Date "2019.09.22"]
[Round "5.5"]
[White "Flynn, Jacob"]
[Black "Haque, Muhtarim-Ul"]
[Result "0-1"]
[WhiteElo "2018"]
[BlackElo "2085"]
[WhiteICU "2038"]
[BlackICU "2077"]
[WhiteClub "Malahide"]
[BlackClub "Rathmines Juniors"]
[WhiteNationality "IRL"]
[BlackNationality "IRL"]
[WhiteFideId "2509393"]
[BlackFideId "2509415"]
[PlyCount "74"]
[EventDate "2019.09.20"]
[Source "Live boards"]

{ Event information: <a
href="http://www.irlchess.com/standrews2019_allfiles/pairings_standrews2019.html">Tournament
report</a>. }

1. c4 e5 2. Nc3 Bb4 3. g3 Nf6 4. Bg2 O-O 5. e4 a5 6. Nge2 d6 7. h3 c6 8.
O-O Be6 9. d3 d5 10. cxd5 cxd5 11. Bg5 d4 12. Nb1 h6 13. Bxf6 Qxf6 14. f4
Nc6 15. Nd2 Bxd2 16. Qxd2 Rfc8 17. f5 Bd7 18. Rac1 b6 19. g4 Nb4 20. a3 Na6
21. Ng3 Nc5 22. Nh5 Qg5 23. Qe2 Bb5 24. Rcd1 Qe3+ 25. Qxe3 dxe3 26. Rfe1
Nxd3 27. Rxe3 Nxb2 28. Rb1 Nc4 29. Rc3 Ba6 30. a4 Rd8 31. Rbc1 Rd4 32. Bf1
Nd6 33. Bxa6 Rxa6 34. Rc6 Ra8 35. Rxb6 Nxe4 36. Rc7 Rxa4 37. Re7 Ng5 0-1

[Event "St. Andrew's Masters 2019"]
[Site "Dublin IRL"]
[Date "2019.09.22"]
[Round "5.6"]
[White "Freeman, Gordon"]
[Black "Putar, Leon"]
[Result "0-1"]
[WhiteElo "2113"]
[BlackElo "1744"]
[WhiteICU "2083"]
[BlackICU "1776"]
[WhiteClub "Gonzaga"]
[WhiteNationality "IRL"]
[BlackNationality "IRL"]
[WhiteFideId "2501309"]
[BlackFideId "14546612"]
[PlyCount "58"]
[EventDate "2019.09.20"]
[Source "Live boards"]

{ Event information: <a
href="http://www.irlchess.com/standrews2019_allfiles/pairings_standrews2019.html">Tournament
report</a>. }

1. Nf3 d5 2. c4 d4 3. e3 c5 4. exd4 cxd4 5. d3 Nc6 6. g3 e5 7. Bg2 Bd6 8.
O-O Nf6 9. a3 a5 10. Nbd2 O-O 11. Rb1 Bf5 12. Qe2 Re8 13. Nh4 Bg4 14. Bf3
Bxf3 15. Qxf3 Bc5 16. Ne4 Nxe4 17. Qxe4 g6 18. Bh6 f5 19. Qg2 e4 20. Rbe1
e3 21. f4 Be7 22. Nf3 Bf6 23. g4 fxg4 24. Qxg4 Qc8 25. Qg2 Qf5 26. Ne5 Nxe5
27. fxe5 Qxe5 28. Rxf6 Qxf6 29. Rf1 Qc6 0-1

[Event "St. Andrew's Masters 2019"]
[Site "Dublin IRL"]
[Date "2019.09.22"]
[Round "5.7"]
[White "Moran, Darragh"]
[Black "Zelenchuk, Daniil"]
[Result "1/2-1/2"]
[WhiteElo "1888"]
[BlackElo "2031"]
[WhiteICU "1860"]
[BlackICU "2104"]
[WhiteClub "Gonzaga"]
[BlackClub "Strand C.C."]
[WhiteNationality "IRL"]
[BlackNationality "IRL"]
[WhiteFideId "2510294"]
[BlackFideId "2511959"]
[PlyCount "35"]
[EventDate "2019.09.20"]
[Source "Live boards"]

{ Event information: <a
href="http://www.irlchess.com/standrews2019_allfiles/pairings_standrews2019.html">Tournament
report</a>. }

1. e4 e6 2. d4 a6 3. Nf3 d5 4. e5 c5 5. c3 Nc6 6. a3 f6 7. Bf4 cxd4 8. cxd4
Qb6 9. Nc3 fxe5 10. Bxe5 Nge7 11. Bd3 Nxe5 12. Nxe5 g6 13. Na4 Qd8 14. h4
Bg7 15. h5 Nc6 16. Nxc6 bxc6 17. hxg6 h6 18. Nc5 1/2-1/2

[Event "St. Andrew's Masters 2019"]
[Site "Dublin IRL"]
[Date "2019.09.22"]
[Round "5.8"]
[White "Peoples, Jonathon"]
[Black "Venkatesan, Kavin"]
[Result "1/2-1/2"]
[WhiteElo "1931"]
[BlackElo "1803"]
[WhiteICU "1834"]
[BlackICU "1750"]
[WhiteClub "U.C.D."]
[BlackClub "St. Benildus"]
[WhiteNationality "IRL"]
[BlackNationality "IRL"]
[WhiteFideId "2509520"]
[BlackFideId "2512602"]
[PlyCount "44"]
[EventDate "2019.09.20"]
[Source "Live boards"]

{ Event information: <a
href="http://www.irlchess.com/standrews2019_allfiles/pairings_standrews2019.html">Tournament
report</a>. }

1. d4 Nf6 2. c4 e6 3. Nf3 Bb4+ 4. Nbd2 d5 5. a3 Be7 6. e3 O-O 7. Bd3 b6 8.
O-O c5 9. Qc2 Nbd7 10. Rd1 Bb7 11. dxc5 Nxc5 12. b4 Nxd3 13. Qxd3 dxc4 14.
Nxc4 Qxd3 15. Rxd3 Ba6 16. Rd4 Bxc4 17. Rxc4 Rac8 18. Rxc8 Rxc8 19. Bd2 Ne4
20. Rc1 Rxc1+ 21. Bxc1 Nc3 22. Bb2 Nd5 1/2-1/2